Výsledky výskumu pôsobenia rastového stimulátora RS vo vinohradníckej praxi

Podrobná bibliografia
Hlavní autori: Krucká, Mária (Autor), Krampl, Ján (Autor)
Médium: Článok
Jazyk:slovenčina
Fyzický popis:Lit. 2 zázn. v slov.
Predmet:

MARC

LEADER 00000nab a2200000 a 4500
001 vtls000246497
003 SK-MaSNL
005 20260302210715.0
008 111130c1986 xo 0 slo
015 |a SNBRB19rr/mm-uuuuu 
035 |a CL0256611 
040 |a SNKBUCL  |b slo  |c SNKBUCL  |e AACR2 
041 0 |a slo 
044 |a xo  |c SK 
080 |a 634.8.05:632.95.026  |2 1981 
080 |a 632.95.026  |2 1981 
100 1 |a Krucká, Mária  |4 aut  |9 515393 
245 1 0 |a Výsledky výskumu pôsobenia rastového stimulátora RS vo vinohradníckej praxi  |c Mária Krucká, Ján Krampl 
300 |b Lit. 2 zázn. v slov. 
650 0 7 |a vinič hroznorodý  |2 snkbucl  |9 15944 
650 0 7 |a stimulátory rastové  |2 snkbucl  |9 934091 
655 7 |a články z novín a časopisov  |2 snkbucl  |9 267496 
700 1 |a Krampl, Ján  |4 aut  |9 443843 
773 0 |t Vinohrad  |g Roč. 24, č. 5 (1986), s. 101-102 
850 |a Slovenská národná knižnica v Martine  |a MTA001 
852 |a SNK  |b KIS3GCP 
958 |a RK 
992 |a RBX 
999 |c 1483639  |d 1485569